An Expert system for wood anatomy research, image display and wood identification (Record no. 54131)

MARC details
000 -LEADER
fixed length control field 00451nam a2200157Ia 4500
100 ## - MAIN ENTRY--AUTHOR NAME
Personal name Sangeetha Gupta
245 #3 - TITLE STATEMENT
Title An Expert system for wood anatomy research, image display and wood identification
260 ## - PUBLICATION, DISTRIBUTION, ETC. (IMPRINT)
Name of publisher Indian Forester
Year of publication 2002
300 ## - PHYSICAL DESCRIPTION
Number of Pages 917-925
650 ## - SUBJECT ADDED ENTRY--TOPICAL TERM
Topical Term Wood anatomy research
650 ## - SUBJECT ADDED ENTRY--TOPICAL TERM
Topical Term Wood identification
700 ## - ADDED ENTRY--PERSONAL NAME
Personal name Chauhan L
700 ## - ADDED ENTRY--PERSONAL NAME
Personal name Kulshreshta S P
942 ## - ADDED ENTRY ELEMENTS (KOHA)
Koha item type Journals
Holdings
Withdrawn status Lost status Damaged status Not for loan Home library Current library Shelving location Date acquired Serial Enumeration / chronology Koha item type
      Journals RRII Library RRII Library Rubber general 26/09/2002 Volume 128, Issue 8 Journals